[Event "FIDE World Blitz-ch Women 2018"]
[Site "St. Petersburg"]
[Date "2018.12.29"]
[Round "2.5"]
[White "Gevorgyan, Maria"]
[Black "Zhao, Xue"]
[Result "0-1"]
[WhiteElo "2228"]
[BlackElo "2485"]
[Annotator "ChessBase"]
[PlyCount "172"]
[EventDate "2018.12.19"]
[EventType "swiss"]
[EventCountry "RUS"]
[SourceTitle "playchess.com"]
[Source "ChessBase"]
[SourceQuality "1"]

1. e4 e5 2. Nf3 Nc6 3. Bc4 Bc5 4. c3 Nf6 5. d3 d6 6. h3 Bb6 7. Bb3 Ne7 8. Nbd2 c6 9. Nf1 Ng6 10. Ng3 O-O 11. O-O Be6 12. d4 Bxb3 13. Qxb3 exd4 14. cxd4 d5 15. e5 Ne4 16. Ne2 f6 17. exf6 Qxf6 18. Qd3 Rae8 19. a4 Bc7 20. Nc3 Qd6 21. Ne5 Nxe5 22. dxe5 Qxe5 23. f4 Bb6+ 24. Kh2 Qd4 25. Qc2 Qc4 26. a5 Qxf1 27. axb6 axb6 28. b3 Nxc3 29. Qxc3 Re2 30. Qg3 Qf2 31. Qxf2 Rxf2 32. Be3 Re2 33. Bxb6 Rb2 34. Bc5 Re8 35. b4 Ree2 36. Ra8+ Kf7 37. Rf8+ Kg6 38. f5+ Kh5 39. Kh1 Rxg2 40. Bd4 Rbc2 41. Rh8 h6 42. f6 Rge2 43. fxg7 Rh2+ 44. Kg1 Rhg2+ 45. Kh1 Rxg7 46. Bxg7 Rc4 47. Rxh6+ Kg5 48. Bf8 d4 49. Rh8 d3 50. Be7+ Kf4 51. Rd8 Ke3 52. h4 Ke2 53. Bg5 Rxb4 54. h5 Rg4 55. Re8+ Kf3 56. Rf8+ Ke2 57. Re8+ Kf3 58. Re3+ Kf2 59. Re5 Rg3 60. Kh2 Rf3 61. h6 Rf7 62. Kh3 b5 63. Kg4 b4 64. Bh4+ Kg2 65. Re3 Rd7 66. Re1 b3 67. Bg5 c5 68. Kf5 c4 69. Rc1 b2 70. Rb1 c3 71. Kg6 c2 72. Rxb2 Rd6+ 73. Kf5 Rd5+ 74. Kg6 Kf3 75. Ra2 Rxg5+ 76. Kxg5 c1=Q+ 77. Kg6 Qc6+ 78. Kg7 Qd7+ 79. Kf6 Qd6+ 80. Kg7 Qe7+ 81. Kh8 Qf8+ 82. Kh7 Qf7+ 83. Kh8 Qxa2 84. h7 Qa8+ 85. Kg7 Qb7+ 86. Kg8 Qxh7+ 0-1

[Event "FIDE World Blitz-ch Women 2018"]
[Site "St. Petersburg"]
[Date "2018.12.29"]
[Round "2.6"]
[White "Koneru, Humpy"]
[Black "Mammadzada, Gunay"]
[Result "1-0"]
[WhiteElo "2541"]
[BlackElo "2422"]
[Annotator "TA"]
[PlyCount "105"]
[EventDate "2018.12.19"]
[EventType "swiss"]
[EventCountry "RUS"]
[SourceTitle "playchess.com"]
[Source "ChessBase"]
[SourceQuality "1"]

1. d4 d5 2. c4 c6 3. Nc3 Nf6 4. e3 a6 5. Qc2 g6 6. Bd3 Bg7 7. Nf3 O-O 8. O-O Bg4 9. Ne5 Be6 10. c5 Nbd7 11. Nxd7 Bxd7 12. Bd2 Qc7 13. f4 Ng4 14. b4 Kh8 15. a4 f6 16. h3 Nh6 17. b5 e5 18. b6 Qd8 19. dxe5 fxe5 20. e4 Qe7 21. Ne2 dxe4 22. Bxe4 exf4 23. Rae1 Rae8 24. Nxf4 Qh4 25. Bxg6 Rxe1 26. Bxe1 Qg5 27. Bd2 Rxf4 28. Rxf4 Qxg6 29. Qxg6 hxg6 30. Re4 Nf5 31. g4 Nd4 32. Re7 Nf3+ 33. Kg2 Nxd2 34. Rxd7 Ne4 35. Rxb7 Nxc5 36. Rc7 Be5 37. Rxc6 Nxa4 38. b7 Kg7 39. Rxa6 Nc5 40. Ra5 Nxb7 41. Rxe5 Nd6 42. Kf3 Kf6 43. Ra5 g5 44. Ra6 Ke5 45. Ra5+ Kf6 46. Rc5 Nf7 47. Ke4 Nd6+ 48. Kd5 Nf7 49. Rc6+ Kg7 50. Ke4 Kh7 51. Kf5 Kg8 52. Rc8+ Kg7 53. Rc7 1-0

[Event "FIDE World Blitz-ch Women 2018"]
[Site "St. Petersburg"]
[Date "2018.12.29"]
[Round "2.7"]
[White "Mamedjarova, Zeinab"]
[Black "Stefanova, Antoaneta"]
[Result "0-1"]
[WhiteElo "2338"]
[BlackElo "2486"]
[Annotator "ChessBase"]
[PlyCount "74"]
[EventDate "2018.12.19"]
[EventType "swiss"]
[EventCountry "RUS"]
[SourceTitle "playchess.com"]
[Source "ChessBase"]
[SourceQuality "1"]

1. d4 d5 2. Nf3 Nf6 3. e3 c6 4. Bd3 Bg4 5. Nbd2 e6 6. O-O Nbd7 7. h3 Bh5 8. c3 Bd6 9. e4 dxe4 10. Nxe4 Nxe4 11. Bxe4 Nf6 12. Bc2 Bc7 13. Qd3 Qd5 14. Ng5 Bg6 15. Qe2 Bxc2 16. Qxc2 Qd6 17. Nf3 O-O 18. Re1 c5 19. Bg5 Nd5 20. dxc5 Qxc5 21. Rad1 h6 22. Be3 Qc6 23. Bd4 f6 24. Qe4 Rfe8 25. b3 Rad8 26. c4 Nb4 27. Qb1 e5 28. Bb2 e4 29. Rxd8 Rxd8 30. Rxe4 Nd3 31. Bd4 Qxe4 32. Be3 Nxf2 33. Qe1 Nxh3+ 34. Kh1 Ng5 35. Nxg5 hxg5 36. Qg1 Qg4 37. Qf2 Rd1+ 0-1

[Event "FIDE World Blitz-ch Women 2018"]
[Site "St. Petersburg"]
[Date "2018.12.29"]
[Round "2.8"]
[White "Tan, Zhongyi"]
[Black "Sudakova, Irina"]
[Result "1-0"]
[WhiteElo "2508"]
[BlackElo "2313"]
[Annotator "ChessBase"]
[PlyCount "63"]
[EventDate "2018.12.19"]
[EventType "swiss"]
[EventCountry "RUS"]
[SourceTitle "playchess.com"]
[Source "ChessBase"]
[SourceQuality "1"]

1. d4 d5 2. c4 e6 3. Nc3 c6 4. Nf3 dxc4 5. a4 Bb4 6. e3 b5 7. Bd2 a5 8. axb5 Bxc3 9. Bxc3 cxb5 10. b3 Bb7 11. bxc4 b4 12. Bb2 Nf6 13. Bd3 O-O 14. O-O Nbd7 15. Nd2 e5 16. f4 exd4 17. exd4 Nc5 18. Bc2 Nce4 19. d5 Qb6+ 20. Kh1 Rfe8 21. Nxe4 Nxe4 22. Bd4 Qc7 23. Qd3 f5 24. Ba4 Rec8 25. Rac1 Ba6 26. Bc6 Rab8 27. Be5 Qe7 28. d6 Qa7 29. d7 Nf2+ 30. Rxf2 Qxf2 31. dxc8=Q+ Rxc8 32. Qd7 1-0

[Event "FIDE World Blitz-ch Women 2018"]
[Site "St. Petersburg"]
[Date "2018.12.29"]
[Round "2.9"]
[White "Lelekova, Olga"]
[Black "Harika, Dronavalli"]
[Result "0-1"]
[WhiteElo "2261"]
[BlackElo "2494"]
[Annotator "ChessBase"]
[PlyCount "118"]
[EventDate "2018.12.19"]
[EventType "swiss"]
[EventCountry "RUS"]
[SourceTitle "playchess.com"]
[Source "ChessBase"]
[SourceQuality "1"]

1. e4 e6 2. d4 d5 3. Nd2 c5 4. exd5 Qxd5 5. Ngf3 cxd4 6. Bc4 Qd8 7. O-O Nc6 8. Nb3 a6 9. Re1 Bb4 10. Bd2 Bd6 11. Bg5 Qc7 12. Nbxd4 Nge7 13. Bxe6 Bxe6 14. Nxe6 fxe6 15. Rxe6 O-O-O 16. Qe2 h6 17. Bh4 g5 18. Bg3 Bxg3 19. hxg3 g4 20. Nh4 Nd4 21. Qxg4 Nxe6 22. Qxe6+ Kb8 23. Nf3 Nc6 24. c3 Qd6 25. Qb3 Rhe8 26. a4 h5 27. Qc4 h4 28. Nxh4 Ne5 29. Qf4 Nd3 30. Qxd6+ Rxd6 31. b4 Ne5 32. b5 Ng4 33. bxa6 bxa6 34. Rb1+ Ka7 35. c4 Rd2 36. f3 Nf6 37. c5 Red8 38. Rb4 Nd5 39. Rg4 Rd1+ 40. Kh2 Ne3 41. Rg7+ R8d7 42. Rg8 Rh7 43. Re8 Nf5 44. Kh3 Rh1+ 45. Kg4 Nxh4 46. gxh4 R1xh4+ 47. Kf5 R4h5+ 48. Kf4 Rxc5 49. g4 Rf7+ 50. Kg3 Rc3 51. g5 Rcxf3+ 52. Kg4 R7f4+ 53. Kh5 Rh3+ 54. Kg6 Rxa4 55. Re6 Rb4 56. Kf6 Rb6 57. g6 Rf3+ 58. Ke7 Rxe6+ 59. Kxe6 Rg3 0-1

[Event "FIDE World Blitz-ch Women 2018"]
[Site "St. Petersburg"]
[Date "2018.12.29"]
[Round "2.11"]
[White "Lei, Tingjie"]
[Black "Savina, Anastasia"]
[Result "1-0"]
[WhiteElo "2453"]
[BlackElo "2334"]
[Annotator "ChessBase"]
[PlyCount "47"]
[EventDate "2018.12.19"]
[EventType "swiss"]
[EventCountry "RUS"]
[SourceTitle "playchess.com"]
[Source "ChessBase"]
[SourceQuality "1"]

1. e4 c5 2. Nf3 Nc6 3. Bb5 g6 4. O-O Bg7 5. Re1 e5 6. Bxc6 dxc6 7. d3 Qe7 8. a4 Nf6 9. Na3 Nd7 10. a5 Nf8 11. Nc4 f6 12. b3 Be6 13. Ba3 g5 14. Ne3 Ng6 15. Nf5 Bxf5 16. exf5 Nf4 17. g3 Nd5 18. Nd4 Nc3 19. Qc1 Nb5 20. Ne6 b6 21. axb6 Nxa3 22. Rxa3 Kf7 23. Qa1 a6 24. Rxa6 1-0

[Event "FIDE World Blitz-ch Women 2018"]
[Site "St. Petersburg"]
[Date "2018.12.29"]
[Round "2.12"]
[White "Haussernot, Cecile"]
[Black "Ushenina, Anna"]
[Result "0-1"]
[WhiteElo "2196"]
[BlackElo "2440"]
[Annotator "NA"]
[PlyCount "68"]
[EventDate "2018.12.19"]
[EventType "swiss"]
[EventCountry "RUS"]
[SourceTitle "playchess.com"]
[Source "ChessBase"]
[SourceQuality "1"]

1. e4 c5 2. Nf3 Nc6 3. Nc3 e5 4. Bc4 d6 5. O-O Be7 6. d3 Nf6 7. Ng5 O-O 8. f4 Bg4 9. Qd2 exf4 10. Qxf4 Qd7 11. h3 Bh5 12. Be3 Bg6 13. Nf3 a6 14. a4 Rad8 15. Nd5 Nxd5 16. Bxd5 Nb4 17. Bb3 Bf6 18. e5 dxe5 19. Nxe5 Bxe5 20. Qxe5 b6 21. a5 Nc6 22. Qg3 Nxa5 23. Ba2 Nc6 24. Bb3 Nd4 25. Qf2 Nxb3 26. cxb3 Qxd3 27. b4 cxb4 28. Bxb6 Rc8 29. Bc5 Rfe8 30. Bxb4 Rc2 31. Rfe1 Rec8 32. Qb6 h6 33. Rxa6 Be4 34. Rxe4 Qxe4 0-1

[Event "FIDE World Blitz-ch Women 2018"]
[Site "St. Petersburg"]
[Date "2018.12.29"]
[Round "2.13"]
[White "Shuvalova, Polina"]
[Black "Buksa, Nataliya"]
[Result "0-1"]
[WhiteElo "2441"]
[BlackElo "2410"]
[Annotator "NA"]
[PlyCount "144"]
[EventDate "2018.12.19"]
[EventType "swiss"]
[EventCountry "RUS"]
[SourceTitle "playchess.com"]
[Source "ChessBase"]
[SourceQuality "1"]

1. e4 c5 2. Nf3 g6 3. Bb5 Nc6 4. Bxc6 bxc6 5. O-O Bg7 6. Re1 Nh6 7. c3 O-O 8. d4 cxd4 9. cxd4 d5 10. e5 f6 11. e6 Qd6 12. Qe2 f5 13. b3 Rf6 14. Ba3 Qxe6 15. Qd2 Qd7 16. Rxe7 Qd8 17. Re1 Re6 18. Nc3 Ng4 19. Rxe6 Bxe6 20. Re1 Bf7 21. Na4 Nf6 22. Ne5 Ne4 23. Qc2 Qa5 24. Rd1 Rc8 25. f3 Ng5 26. h4 Ne6 27. Qd3 Qb5 28. Qe3 Re8 29. Bd6 Qa5 30. Rc1 c5 31. Nxc5 Nxc5 32. Rxc5 Qxa2 33. Rc7 Be6 34. Kh2 Qa6 35. Bc5 Rc8 36. Rxa7 Qb5 37. b4 Qb8 38. Re7 Re8 39. Rxe8+ Qxe8 40. Qf4 Bf6 41. Nd3 Qd8 42. Qe3 Bf7 43. g3 Kg7 44. b5 h6 45. Qf4 Qd7 46. b6 g5 47. hxg5 hxg5 48. Qc7 Qb5 49. Nf2 Qf1 50. Nh1 Qe2+ 51. Kg1 g4 52. f4 Qe3+ 53. Kg2 Bxd4 54. Bxd4+ Qxd4 55. Qe5+ Qxe5 56. fxe5 d4 57. Nf2 Bd5+ 58. Kf1 Kf7 59. Nd3 Ke7 60. Ke2 Bf3+ 61. Kd2 Kd7 62. Nc5+ Kc6 63. e6 Kxb6 64. e7 Bc6 65. Ne6 Bd7 66. Ng7 f4 67. gxf4 g3 68. Ke2 d3+ 69. Kxd3 g2 70. e8=Q Bxe8 71. Nxe8 g1=Q 72. Nd6 Qd1+ 0-1

[Event "FIDE World Blitz-ch Women 2018"]
[Site "St. Petersburg"]
[Date "2018.12.29"]
[Round "2.14"]
[White "Badelka, Olga"]
[Black "Muzychuk, Mariya"]
[Result "0-1"]
[WhiteElo "2385"]
[BlackElo "2540"]
[Annotator "ChessBase"]
[PlyCount "80"]
[EventDate "2018.12.19"]
[EventType "swiss"]
[EventCountry "RUS"]
[SourceTitle "playchess.com"]
[Source "ChessBase"]
[SourceQuality "1"]

1. d4 d5 2. Nc3 Nf6 3. Bf4 g6 4. e3 Bg7 5. h4 h5 6. Be2 c6 7. Nf3 Bf5 8. Ne5 Nbd7 9. f3 Nxe5 10. Bxe5 Qd7 11. Qd2 b5 12. a4 b4 13. Na2 a5 14. Nc1 O-O 15. Nb3 Ne8 16. Bxg7 Nxg7 17. Rg1 Qd6 18. g4 Bc8 19. gxh5 Nxh5 20. f4 Nf6 21. O-O-O Ne4 22. Qe1 Bf5 23. h5 c5 24. hxg6 fxg6 25. dxc5 Nxc5 26. Nd4 b3 27. Nxf5 Rxf5 28. Bd3 Nxd3+ 29. Rxd3 bxc2 30. Rh1 Qf6 31. Rc3 d4 32. exd4 Rxf4 33. Rch3 Rf8 34. Kxc2 Rxd4 35. Rh8+ Kf7 36. R8h7+ Ke8 37. Kb1 Qf5+ 38. Kc1 Rc4+ 39. Kd2 Qc2+ 40. Ke3 Re4# 0-1

[Event "FIDE World Blitz-ch Women 2018"]
[Site "St. Petersburg"]
[Date "2018.12.29"]
[Round "2.15"]
[White "Solozhenkina, Elizaveta"]
[Black "Ambartsumova, Karina"]
[Result "1/2-1/2"]
[WhiteElo "2258"]
[BlackElo "2383"]
[Annotator "NA"]
[PlyCount "72"]
[EventDate "2018.12.19"]
[EventType "swiss"]
[EventCountry "RUS"]
[SourceTitle "playchess.com"]
[Source "ChessBase"]
[SourceQuality "1"]

1. Nf3 Nf6 2. g3 g6 3. d4 Bg7 4. Bg2 O-O 5. O-O d6 6. Nc3 Na6 7. e4 c5 8. e5 Ne8 9. Bf4 cxd4 10. Qxd4 Nec7 11. Qe3 d5 12. Nd4 Nc5 13. Rad1 N5e6 14. Nxe6 Bxe6 15. Qd2 Bg4 16. Ne2 Qd7 17. c4 Bxe2 18. Qxe2 e6 19. Rd2 Qa4 20. b3 Qa5 21. Rfd1 Rad8 22. h4 h6 23. Qe3 Kh7 24. cxd5 Nxd5 25. Bxd5 exd5 26. Rd4 a6 27. Qd3 Qxa2 28. Rxd5 Rxd5 29. Qxd5 b5 30. Rc1 Qe2 31. Rc6 a5 32. Rc7 a4 33. bxa4 bxa4 34. Ra7 Qc2 35. Qa5 Qb1+ 36. Kg2 Qe4+ 1/2-1/2

[Event "FIDE World Blitz-ch Women 2018"]
[Site "St. Petersburg"]
[Date "2018.12.29"]
[Round "2.16"]
[White "Cramling, Pia"]
[Black "Molchanova, Tatjana"]
[Result "1-0"]
[WhiteElo "2465"]
[BlackElo "2245"]
[Annotator "ChessBase"]
[PlyCount "45"]
[EventDate "2018.12.19"]
[EventType "swiss"]
[EventCountry "RUS"]
[SourceTitle "playchess.com"]
[Source "ChessBase"]
[SourceQuality "1"]

1. Nf3 d5 2. d4 Nf6 3. c4 c6 4. Qb3 e6 5. g3 Bd6 6. Bg2 O-O 7. O-O Nbd7 8. Rd1 Qe7 9. Bg5 h6 10. Bxf6 Qxf6 11. Nbd2 Qe7 12. e4 dxe4 13. Nxe4 Bc7 14. Re1 a5 15. Rad1 Qb4 16. Qc2 a4 17. a3 Qa5 18. Nc3 e5 19. d5 cxd5 20. Nxd5 Nf6 21. Nxe5 Bxe5 22. Rxe5 Kh8 23. Nxf6 1-0

[Event "FIDE World Blitz-ch Women 2018"]
[Site "St. Petersburg"]
[Date "2018.12.29"]
[Round "2.17"]
[White "Styazhkina, Anna"]
[Black "Berend, Elvira"]
[Result "0-1"]
[WhiteElo "2274"]
[BlackElo "2332"]
[Annotator "NA"]
[PlyCount "88"]
[EventDate "2018.12.19"]
[EventType "swiss"]
[EventCountry "RUS"]
[SourceTitle "playchess.com"]
[Source "ChessBase"]
[SourceQuality "1"]

1. e4 c5 2. Nf3 e6 3. d4 cxd4 4. Nxd4 Nc6 5. Nc3 a6 6. a3 d6 7. Be2 Nf6 8. Be3 Be7 9. O-O O-O 10. f4 Qc7 11. Kh1 Bd7 12. Qe1 Nxd4 13. Bxd4 Bc6 14. Bd3 e5 15. Be3 Ng4 16. f5 Nxe3 17. Qxe3 Bf6 18. Bc4 Kh8 19. Rad1 Qe7 20. Bd5 Rac8 21. Qb6 Rc7 22. Bxc6 bxc6 23. Qxa6 h6 24. Qc4 Bg5 25. a4 Be3 26. Rf3 Bd4 27. b3 Rd8 28. Ne2 d5 29. Qd3 Qh4 30. Rh3 dxe4 31. Qc4 Qg5 32. Rf1 Qf6 33. Ng3 e3 34. Ne4 Qe7 35. f6 Qe6 36. fxg7+ Kxg7 37. Qe2 f5 38. Rg3+ Kh7 39. Ng5+ hxg5 40. Rxg5 Kh8 41. Qh5+ Rh7 42. Qf3 f4 43. Qe4 Qh6 44. h3 Qxg5 0-1

[Event "FIDE World Blitz-ch Women 2018"]
[Site "St. Petersburg"]
[Date "2018.12.29"]
[Round "2.18"]
[White "Guichard, Pauline"]
[Black "Tsolakidou, Stavroula"]
[Result "1/2-1/2"]
[WhiteElo "2378"]
[BlackElo "2387"]
[Annotator "NA"]
[PlyCount "84"]
[EventDate "2018.12.19"]
[EventType "swiss"]
[EventCountry "RUS"]
[SourceTitle "playchess.com"]
[Source "ChessBase"]
[SourceQuality "1"]

1. d4 Nf6 2. Nf3 e6 3. Bf4 c5 4. e3 cxd4 5. exd4 Be7 6. h3 d6 7. Nbd2 Nbd7 8. Bd3 b6 9. O-O Bb7 10. Qe2 O-O 11. Bh2 Re8 12. a4 a6 13. a5 b5 14. Rfe1 Bc6 15. c4 bxc4 16. Nxc4 Qb8 17. Rac1 Bb5 18. Nfd2 Bf8 19. Ne4 Nxe4 20. Bxe4 Ra7 21. Qf3 Bxc4 22. Rxc4 Qxb2 23. Rc6 Qb4 24. Rb1 Qxa5 25. Bxd6 Bxd6 26. Rxd6 Nf6 27. Bd3 Rd8 28. Qg3 Raa8 29. Rb7 Qa1+ 30. Kh2 a5 31. Rxe6 Qxd4 32. Re3 Nh5 33. Qg5 Qf4+ 34. Qxf4 Nxf4 35. Bc4 Rf8 36. Rf3 Ne6 37. Rfxf7 Rxf7 38. Bxe6 Raf8 39. Ra7 g6 40. Bxf7+ Rxf7 41. Ra8+ Kg7 42. Rxa5 Rxf2 1/2-1/2

[Event "FIDE World Blitz-ch Women 2018"]
[Site "St. Petersburg"]
[Date "2018.12.29"]
[Round "2.19"]
[White "Bodnaruk, Anastasia"]
[Black "Dumcheva, Julia"]
[Result "1-0"]
[WhiteElo "2420"]
[BlackElo "2168"]
[Annotator "NA"]
[PlyCount "57"]
[EventDate "2018.12.19"]
[EventType "swiss"]
[EventCountry "RUS"]
[SourceTitle "playchess.com"]
[Source "ChessBase"]
[SourceQuality "1"]

1. e4 e6 2. d3 d5 3. Nd2 dxe4 4. dxe4 e5 5. Ngf3 Bg4 6. Bc4 Bxf3 7. Qxf3 Qd7 8. O-O Nc6 9. c3 f6 10. Nb3 O-O-O 11. Be3 Bd6 12. Rfd1 Qe7 13. Bd5 Qe8 14. c4 g5 15. c5 Be7 16. Qf5+ Kb8 17. Qe6 Qd7 18. Qxd7 Rxd7 19. Bxc6 Rxd1+ 20. Rxd1 bxc6 21. Na5 h5 22. b4 Rh7 23. Nxc6+ Kb7 24. Na5+ Ka6 25. a4 Nh6 26. Nc6 Kb7 27. b5 Bf8 28. Rd8 Rh8 29. Rb8# 1-0

[Event "FIDE World Blitz-ch Women 2018"]
[Site "St. Petersburg"]
[Date "2018.12.29"]
[Round "2.20"]
[White "Garcia Martin, Marta"]
[Black "Paehtz, Elisabeth"]
[Result "0-1"]
[WhiteElo "2301"]
[BlackElo "2487"]
[Annotator "ChessBase"]
[PlyCount "98"]
[EventDate "2018.12.19"]
[EventType "swiss"]
[EventCountry "RUS"]
[SourceTitle "playchess.com"]
[Source "ChessBase"]
[SourceQuality "1"]

1. e4 Nf6 2. e5 Nd5 3. d4 d6 4. Bc4 Nb6 5. Bb3 d5 6. Nf3 Bg4 7. Nbd2 e6 8. h3 Bh5 9. Nf1 c5 10. dxc5 Bxc5 11. Ng3 Bg6 12. O-O Nc6 13. c3 O-O 14. Qe2 Qc7 15. Re1 Rae8 16. Nh4 Nd7 17. Bf4 Qd8 18. Nf3 f6 19. exf6 Qxf6 20. Bg5 Qf7 21. Ba4 Kh8 22. Be3 Bd6 23. Ng5 Qf6 24. Nh5 Qe7 25. Rad1 Nc5 26. Bxc6 bxc6 27. Ng3 e5 28. Nf3 Ne6 29. Bc1 e4 30. Nd4 Nxd4 31. cxd4 Qh4 32. Qg4 Qf6 33. Be3 Rb8 34. b3 a5 35. Rc1 Ba3 36. Rc2 Qd6 37. Ne2 Bf5 38. Qg3 Qd7 39. Nc3 Bd6 40. Qh4 Bb4 41. Rec1 Ba3 42. Re1 Bg6 43. Na4 Qe6 44. Nc5 Qf7 45. Qg3 Rbd8 46. Bc1 Bb4 47. Bd2 e3 48. Bxb4 Bxc2 49. Bc3 exf2+ 0-1

[Event "FIDE World Blitz-ch Women 2018"]
[Site "St. Petersburg"]
[Date "2018.12.29"]
[Round "2.21"]
[White "Garifullina, Leya"]
[Black "Strutinskaia, Galina"]
[Result "0-1"]
[WhiteElo "2132"]
[BlackElo "2201"]
[Annotator "NA"]
[PlyCount "134"]
[EventDate "2018.12.19"]
[EventType "swiss"]
[EventCountry "RUS"]
[SourceTitle "playchess.com"]
[Source "ChessBase"]
[SourceQuality "1"]

1. e4 c5 2. Nf3 d6 3. d4 cxd4 4. Nxd4 Nf6 5. Nc3 a6 6. h3 Nc6 7. g4 Qb6 8. Nb3 e6 9. Be3 Qc7 10. Bg2 Be7 11. a4 Ne5 12. Nd2 Bd7 13. a5 h6 14. Qe2 Rc8 15. Bb6 Qb8 16. f4 Ng6 17. Be3 Bc6 18. O-O Nh4 19. Bh1 Nd7 20. Nf3 Nxf3+ 21. Bxf3 Qc7 22. Bg2 Nf6 23. Qf2 e5 24. f5 Qd8 25. Rfd1 Nd7 26. Nd5 Bxd5 27. Rxd5 Qc7 28. c3 Qc6 29. Rd2 O-O 30. Re1 Qb5 31. Ra1 Nc5 32. Ra3 Rfd8 33. b4 Nd7 34. Qf3 Qc4 35. Bf1 Qc6 36. c4 Nf6 37. Bd3 Qe8 38. Kg2 d5 39. Bb6 dxe4 40. Qf2 Rxd3 41. Raxd3 exd3 42. Rxd3 Qc6+ 43. Kg1 Qxc4 44. Rd1 Qxb4 45. Qe3 Bc5 46. Bxc5 Qxc5 47. Rd8+ Kh7 48. Qxc5 Rxc5 49. Rf8 Rxa5 50. Rxf7 Rb5 51. Kf2 a5 52. Rf8 Rb6 53. Rd8 a4 54. Rd2 Ne4+ 55. Ke3 Nxd2 56. Kxd2 a3 57. Kd3 a2 58. Kc4 a1=Q 59. Kd3 Qd4+ 60. Ke2 Rb2+ 61. Kf3 Qf2+ 62. Ke4 Qf4+ 63. Kd5 Rd2+ 64. Ke6 Qc4+ 65. Ke7 Qc6 66. Kf8 Rd8+ 67. Ke7 Qd7# 0-1

[Event "FIDE World Blitz-ch Women 2018"]
[Site "St. Petersburg"]
[Date "2018.12.29"]
[Round "2.22"]
[White "Shafigullina, Zarina"]
[Black "Voit, Daria"]
[Result "0-1"]
[WhiteElo "2140"]
[BlackElo "2358"]
[Annotator "NA"]
[PlyCount "86"]
[EventDate "2018.12.19"]
[EventType "swiss"]
[EventCountry "RUS"]
[SourceTitle "playchess.com"]
[Source "ChessBase"]
[SourceQuality "1"]

1. d4 Nf6 2. Nf3 e6 3. g3 b5 4. Bg2 Bb7 5. O-O d5 6. Bg5 h6 7. Bxf6 Qxf6 8. Qd3 a6 9. a4 b4 10. c4 c5 11. cxd5 Bxd5 12. e4 Bb7 13. Nbd2 Nd7 14. Rac1 Be7 15. e5 Qg6 16. Qxg6 fxg6 17. Nc4 O-O 18. Ncd2 Rac8 19. dxc5 Nxc5 20. Nd4 Bxg2 21. Kxg2 Rfd8 22. N2f3 Kf7 23. b3 Nd3 24. Rcd1 Rc3 25. Rd2 Rdc8 26. Rfd1 Nc5 27. Rb2 g5 28. h3 Nd3 29. Rbd2 Nc1 30. Rb2 Bc5 31. g4 Rd8 32. Rbd2 Rd5 33. Kf1 Nxb3 34. Nxb3 Rxb3 35. Rxd5 exd5 36. Rxd5 Rxf3 37. Rxc5 Ra3 38. a5 b3 39. Rc7+ Ke6 40. Rc6+ Kxe5 41. Rxa6 b2 42. Rb6 Ra1+ 43. Kg2 b1=Q 0-1

[Event "FIDE World Blitz-ch Women 2018"]
[Site "St. Petersburg"]
[Date "2018.12.29"]
[Round "2.23"]
[White "Arabidze, Meri"]
[Black "Ovod, Evgenija"]
[Result "1-0"]
[WhiteElo "2387"]
[BlackElo "2367"]
[Annotator "NA"]
[PlyCount "125"]
[EventDate "2018.12.19"]
[EventType "swiss"]
[EventCountry "RUS"]
[SourceTitle "playchess.com"]
[Source "ChessBase"]
[SourceQuality "1"]

1. Nf3 d5 2. e3 Nf6 3. b3 e6 4. Bb2 c5 5. c4 Nc6 6. cxd5 Nxd5 7. Be2 f6 8. O-O Bd6 9. Nc3 Nxc3 10. Bxc3 O-O 11. a3 e5 12. Qb1 Be6 13. b4 Qd7 14. Bd3 g6 15. Be4 Rab8 16. Rd1 Qc7 17. h3 Ne7 18. bxc5 Bxc5 19. d4 exd4 20. Bxd4 Bxd4 21. Nxd4 Bf7 22. Qb2 f5 23. Bf3 f4 24. exf4 Qxf4 25. Re1 Nf5 26. Nxf5 Qxf5 27. Re7 b5 28. Rxa7 Rbc8 29. Re1 Rc2 30. Qe5 Qxe5 31. Rxe5 Bc4 32. Rc5 Rc1+ 33. Kh2 Rf1 34. Kg3 Rb1 35. a4 Rb3 36. axb5 Be2 37. Rcc7 Rd8 38. Rg7+ Kf8 39. Raf7+ Ke8 40. Re7+ Kf8 41. Rgf7+ Kg8 42. Rxh7 Bxf3 43. gxf3 Rxb5 44. Reg7+ Kf8 45. Rxg6 Rd2 46. Rgg7 Rbb2 47. Ra7 Kg8 48. Rhd7 Rxd7 49. Rxd7 Rb1 50. Kg4 Rg1+ 51. Kf5 Rh1 52. f4 Rxh3 53. Kg6 Kf8 54. Rd8+ Ke7 55. Ra8 Rh2 56. Ra7+ Kf8 57. Kf6 Kg8 58. Ra8+ Kh7 59. f5 Rxf2 60. Rf8 Rf1 61. Ke7 Re1+ 62. Kf7 Rf1 63. f6 1-0

[Event "FIDE World Blitz-ch Women 2018"]
[Site "St. Petersburg"]
[Date "2018.12.29"]
[Round "2.24"]
[White "Shaydullina, Sandugach"]
[Black "Vo, Thi Kim Phung"]
[Result "0-1"]
[WhiteElo "2033"]
[BlackElo "2352"]
[Annotator "NA"]
[PlyCount "80"]
[EventDate "2018.12.19"]
[EventType "swiss"]
[EventCountry "RUS"]
[SourceTitle "playchess.com"]
[Source "ChessBase"]
[SourceQuality "1"]

1. Nf3 Nf6 2. c4 e6 3. g3 d5 4. d4 c5 5. Nc3 dxc4 6. Bg2 Nc6 7. Be3 Ng4 8. Bg5 f6 9. Be3 Nxe3 10. fxe3 Be7 11. O-O O-O 12. Rc1 Na5 13. Ne4 Qc7 14. b3 Rd8 15. Qc2 Bd7 16. dxc5 Bxc5 17. Nxc5 Qxc5 18. Nd4 e5 19. b4 Qxb4 20. Bd5+ Kh8 21. Ne6 Bxe6 22. Bxe6 Qb6 23. Bf5 Qxe3+ 24. Rf2 Rd2 25. Qc3 Qxc3 26. Rxc3 Rxa2 27. Be4 Rd8 28. g4 b5 29. g5 fxg5 30. Rcf3 g6 31. Rf7 Rd1+ 32. Kg2 Rdd2 33. Bf3 Kg8 34. Rxa7 Nb3 35. Bd5+ Rxd5 36. Ra8+ Kg7 37. Rb8 Nd4 38. e3 Nf5 39. Rxb5 Nxe3+ 40. Kf3 Rd4 0-1

[Event "FIDE World Blitz-ch Women 2018"]
[Site "St. Petersburg"]
[Date "2018.12.29"]
[Round "2.25"]
[White "Gaponenko, Inna"]
[Black "Drozdova, Dina"]
[Result "0-1"]
[WhiteElo "2420"]
[BlackElo "2178"]
[Annotator "NA"]
[PlyCount "114"]
[EventDate "2018.12.19"]
[EventType "swiss"]
[EventCountry "RUS"]
[SourceTitle "playchess.com"]
[Source "ChessBase"]
[SourceQuality "1"]

1. e4 d6 2. d4 Nf6 3. Nc3 e5 4. dxe5 dxe5 5. Qxd8+ Kxd8 6. Bg5 Be6 7. O-O-O+ Kc8 8. f4 exf4 9. Nge2 Bc5 10. Nxf4 Be3+ 11. Kb1 Bxf4 12. Bxf4 c6 13. h3 Rd8 14. Rxd8+ Kxd8 15. g4 h6 16. Bg2 Ke8 17. e5 Nfd7 18. Ne4 Kd8 19. Nd6 Kc7 20. Nf5 g6 21. Nxh6 Na6 22. g5 Nb4 23. a3 Nd5 24. Bg3 Ne3 25. Bf3 Nc5 26. Bf2 Nc4 27. Bxc5 Nd2+ 28. Kc1 Nxf3 29. Bd6+ Kd7 30. h4 Bd5 31. Rh3 Nd4 32. Ng4 Ne2+ 33. Kd2 Nf4 34. Rh2 Ke6 35. Nf6 Rh8 36. Ke3 Ng2+ 37. Kf2 Rxh4 38. Rxg2 Bxg2 39. Kxg2 Rd4 40. Kf3 Rd2 41. Bb4 Rxc2 42. Bc3 b5 43. Ne4 Rh2 44. Nf2 Kf5 45. Ne4 Rh1 46. Nd6+ Ke6 47. Nc8 a6 48. Nd6 Rh3+ 49. Kf4 Rh4+ 50. Kg3 Rh1 51. Ne4 Kd5 52. Nd6 Ke6 53. Nb7 Kd5 54. Kg2 Rb1 55. Nd8 c5 56. Nxf7 b4 57. axb4 cxb4 0-1